00936nam a2200253 a 4500001001000000003000900010005001700019008003800036040002600074082002800100100003000128245011400158246002300272260003500295300002700330500003400357500005700391586004900448650002400497650002700521650002500548700003300573710007600606000009745DO-SdBNP20240719132354.0091001s1996 dr a r 000 0 spa d aDO-SdBNPbspacBPMSU  4aRD861.5bC117a 19962221 aCabrera, Fernando d1964-10aÁngel de seducción = Angel of seduction /cFernando Cabrera; traducción al inglés de Charlene Santos.12aAngel of seduction aSanto Domingo :bUNPHU,c1996. a205 p. :bil ;c21 cm. aTexto en inglés y español aIncluye datos biográficos del autor en las solapas aPremio Pedro Henríquez Ureña de Poesía 4aPoesía dominicana 0aLiteratura dominicana.z aDominican literature1 aSantos, Charleneetraductor 2 aUniversidad Nacional Pedro Henríquez Ureña (República Dominicana)